[Event "Vlissingen HZ op 17th"]
[Site "Vlissingen"]
[Date "2013.08.03"]
[Round "1"]
[White "Verbeek, Martijn"]
[Black "Afek, Yochanan"]
[Result "0-1"]
[WhiteElo "1853"]
[BlackElo "2315"]
[PlyCount "34"]
[EventDate "2013.08.03"]
[EventType "swiss"]
[EventRounds "9"]
[EventCountry "NED"]
[SourceTitle "CBM 155 Extra"]
[Source "ChessBase"]
[SourceDate "2013.08.26"]
[SourceVersion "1"]
[SourceVersionDate "2013.08.26"]
[SourceQuality "1"]

1. d4 Nf6 2. c4 c5 3. d5 e6 4. Nc3 exd5 5. cxd5 d6 6. g3 g6 7. Bg2 Bg7 8. e4 0-0 9. Nge2 Re8 10. 0-0 b5 11. Qc2 b4 12. Nd1 Ba6 13. Re1 Nbd7 14. a3 b3 15. Qxb3 Nxe4 16. Qa4 Bd3 17. Nf4 Nc3 0-1

[Event "Vlissingen HZ op 15th"]
[Site "Vlissingen"]
[Date "2011.07.30"]
[Round "1"]
[White "Verbeek, Martijn"]
[Black "Laarhoven, Thijs"]
[Result "0-1"]
[WhiteElo "1841"]
[BlackElo "2228"]
[PlyCount "36"]
[EventDate "2011.07.30"]
[EventType "swiss"]
[EventRounds "9"]
[EventCountry "NED"]
[SourceTitle "CBM 143 Extra"]
[Source "ChessBase"]
[SourceDate "2011.08.29"]
[SourceVersion "1"]
[SourceVersionDate "2011.08.29"]
[SourceQuality "1"]

1. d4 d5 2. c4 c6 3. Nf3 Nf6 4. e3 Bf5 5. Nc3 e6 6. Bd2 h6 7. Rc1 Nbd7 8. cxd5 exd5 9. Be2 Bd6 10. Qb3 Qb6 11. Bd1 0-0 12. Bc2 Bxc2 13. Qxc2 Rfe8 14. 0-0 Ne4 15. Nxe4 dxe4 16. Ne1 Qb5 17. Qd1 Bxh2+ 18. Kxh2 Qxf1 0-1

[Event "NBSB-chC"]
[Site "Roosendaal"]
[Date "2009.08.30"]
[Round "6"]
[White "De Bock, Rien"]
[Black "Verbeek, Martijn"]
[Result "1-0"]
[WhiteElo "1563"]
[BlackElo "1571"]
[PlyCount "79"]
[EventDate "2009.08.28"]
[EventType "swiss (rapid)"]
[EventRounds "6"]
[EventCountry "NED"]
[SourceTitle "CBM 132 Extra"]
[Source "ChessBase"]
[SourceDate "2009.11.03"]
[SourceVersion "1"]
[SourceVersionDate "2009.11.03"]
[SourceQuality "1"]

1. e4 c6 2. Nc3 d5 3. Nf3 dxe4 4. Nxe4 Bf5 5. Ng3 Bg6 6. Bc4 Nd7 7. 0-0 Ngf6 8. d4 Qc7 9. Re1 e6 10. c3 Bd6 11. Qb3 0-0 12. Bd2 Rfe8 13. a4 a6 14. Qa2 Nb6 15. Bb3 Nbd5 16. c4 Nb4 17. Bxb4 Bxb4 18. Red1 b6 19. Ne5 Red8 20. Nxg6 hxg6 21. Rd3 Qf4 22. Rad1 Rd7 23. Ne2 Qg4 24. f3 Qg5 25. g3 Rad8 26. Kg2 Ne8 27. Nf4 Nc7 28. Qb1 Qf6 29. d5 cxd5 30. cxd5 Qf5 31. dxe6 Rxd3 32. exf7+ Kf8 33. Rxd3 Rxd3 34. Qxd3 Qxd3 35. Nxd3 Bd6 36. f4 Ke7 37. Ne5 Ne6 38. Nxg6+ Kxf7 39. f5 Kf6 40. Bxe6 1-0

[Event "NBSB-chC"]
[Site "Roosendaal"]
[Date "2009.08.29"]
[Round "5"]
[White "Senders, Mischa"]
[Black "Verbeek, Martijn"]
[Result "0-1"]
[WhiteElo "1413"]
[BlackElo "1571"]
[PlyCount "74"]
[EventDate "2009.08.28"]
[EventType "swiss (rapid)"]
[EventRounds "6"]
[EventCountry "NED"]
[SourceTitle "CBM 132 Extra"]
[Source "ChessBase"]
[SourceDate "2009.11.03"]
[SourceVersion "1"]
[SourceVersionDate "2009.11.03"]
[SourceQuality "1"]

1. e4 c6 2. d4 d5 3. Nc3 dxe4 4. Nxe4 Bf5 5. Ng3 Bg6 6. Nf3 Nd7 7. Bf4 Qa5+ 8. c3 e6 9. Bc4 Ngf6 10. 0-0 Be7 11. Re1 0-0 12. Ne5 Nxe5 13. Rxe5 Qb6 14. Re2 Rfd8 15. a4 c5 16. Rd2 cxd4 17. cxd4 Bb4 18. Be3 Bxd2 19. Qxd2 Rac8 20. b3 Nd5 21. Rd1 Nxe3 22. fxe3 Qd6 23. e4 a6 24. Qe3 Qb6 25. Qd2 e5 26. Bd5 exd4 27. Qxd4 Qxd4+ 28. Rxd4 Kf8 29. Rc4 Rxc4 30. Bxc4 f6 31. Bd5 b6 32. Kf2 Bf7 33. Bxf7 Kxf7 34. Ke3 Ke6 35. Ne2 Ke5 36. Nc3 Rd4 37. g4 Rb4 0-1